Largest Cities on Each Continent Beginning With 'E', 'I', 'O' or 'U' - Statistics

General Stats
  • This quiz has been taken 430 times
  • The average score is 11 of 32
Answer Stats
Continent Population Answer % Correct
North America 1,370,000 Edmonton
70%
Asia 17,700,000 Ōsaka
69%
North America 2,025,000 Indianapolis
67%
Asia 16,200,000 Istanbul
64%
Europe 1,210,000 Oslo
62%
Africa 2,650,000 Ouagadougou
62%
Europe 818,200 Edinburgh
60%
North America 3,500,000 Orlando
59%
Africa 3,675,000 Ibadan
51%
Asia 4,175,000 Ürümqi
49%
North America 1,020,000 El Paso
46%
North America 1,160,000 Oklahoma City
45%
North America 1,290,000 Ottawa
45%
Asia 3,250,000 Isfahan
42%
Africa 1,510,000 Oran
42%
Europe 1,110,000 Odessa
40%
Europe 1,130,000 Ufa
39%
Asia 3,050,000 İzmir
38%
Asia 3,275,000 Indore
30%
Africa 1,240,000 Onitsha
16%
Africa 1,030,000 Enugu
14%
Africa 1,120,000 Ilorin
12%
South America 422,900 Iquitos
9%
South America 687,010 Uberlândia
9%
Europe 625,462 Ulyanovsk
8%
South America 846,880 El Alto
7%
Oceania 50,200 Invercargill
6%
Europe 646,468 Ižhevsk
6%
South America 294,949 Iquique
4%
South America 332,680 Uberaba
4%
South America 502,000 Ibagué
3%
Oceania 44,300 Upper Hutt
2%
No matching quizzes found
Score Distribution
Percent of People with Each Score
Percentile by Number Answered
Your Score History
You have not taken this quiz